| 000 | 00537nam a2200169Ia 4500 | ||
|---|---|---|---|
| 008 | 090711s9999 xx 000 0 und d | ||
| 082 | _b46309 | ||
| 100 | _aकेतकर व्यं. रा. | ||
| 245 | _aग्रहगणित | ||
| 260 |
_bवेंकटेश बापूजी केतकर _c1914 |
||
| 300 | _a168 | ||
| 600 | _aकेतकर व्यं. रा. | ||
| 630 | _aग्रहगणित | ||
| 700 | _aकेतकर व्यं. रा. | ||
| 730 | _aग्रहगणित | ||
| 942 | _cBOOK | ||
| 999 |
_c325449 _d325449 |
||